| 000 | 00415cam a2200169 4500 | ||
|---|---|---|---|
| 001 | D14365 | ||
| 008 | 090401t xxu||||| |||| 00| 0 eng d | ||
| 035 | _a(Sirsi) u15127 | ||
| 041 | _aeng | ||
| 110 |
_aWar Office _93243 |
||
| 245 | _aGridded oblique photography (Merton method) provisional, October 1941 | ||
| 300 | _a34p. illus. 33cm | ||
| 350 | _a0 | ||
| 520 | _aShelf 183 | ||
| 942 | _n0 | ||
| 948 | _c04/03/1997 | ||
| 999 |
_c87255 _d87255 |
||